Teams That Have Beaten Notre Dame Since 2008 In College Football - Statistics

General Stats
  • This quiz has been taken 281 times
  • The average score is 24 of 35
Answer Stats
Date Bowl Game Score Team % Correct
1/7/2013 2013 Discover BCS National Championship Game 42-14 Alabama
98%
9/12/2009 - 38-34 Michigan
93%
9/11/2010 - 28-24 Michigan
93%
9/10/2011 - 35-31 Michigan
93%
9/7/2013 - 41-30 Michigan
93%
11/29/2008 - 38-3 USC
93%
10/17/2009 - 34-27 USC
93%
10/22/2011 - 31-17 USC
93%
11/29/2014 - 49-14 USC
93%
1/1/2016 2016 BattleFrog Fiesta Bowl 44-28 Ohio State
86%
10/3/2015 - 24-22 Clemson
80%
11/7/2009 - 23-21 Navy
80%
10/23/2010 - 35-17 Navy
80%
11/28/2009 - 45-38 Stanford
80%
9/25/2010 - 37-14 Stanford
80%
11/26/2011 - 28-14 Stanford
80%
11/30/2013 - 27-20 Stanford
80%
11/28/2015 - 38-36 Stanford
80%
12/29/2011 2011 Champs Sports Bowl 18-14 Florida State
77%
10/18/2014 - 31-27 Florida State
77%
9/20/2008 - 23-7 Michigan State
77%
9/18/2010 - 34-31 (OT) Michigan State
77%
9/28/2013 - 35-21 Oklahoma
68%
11/8/2008 - 17-0 Boston College
57%
10/11/2008 - 29-24 North Carolina
53%
11/1/2008 - 36-33 Pittsburgh
49%
11/14/2009 - 27-22 Pittsburgh
49%
11/9/2013 - 28-21 Pittsburgh
49%
11/22/2008 - 24-23 Syracuse
48%
11/15/2014 - 43-40 (OT) Northwestern
46%
11/22/2014 - 31-28 Louisville
43%
11/8/2014 - 55-31 Arizona State
41%
10/30/2010 - 28-27 Tulsa
24%
9/3/2011 - 23-20 USF
20%
11/21/2009 - 33-30 (OT) Connecticut
17%
No matching quizzes found
Score Distribution
Percent of People with Each Score
Percentile by Number Answered
Your Score History
You have not taken this quiz